[Event "Mazowieckie-chT 0405"]
[Site "Poland"]
[Date "2005.02.06"]
[Round "9"]
[White "Skurzak, Joanna"]
[Black "Bartosik, Olimpia"]
[Result "1-0"]
[WhiteElo "1923"]
[BlackElo "2069"]
[PlyCount "55"]
[EventDate "2004.10.03"]
[EventType "team-tourn"]
[EventRounds "10"]
[EventCountry "POL"]
[SourceTitle "EXT 2019"]
[Source "ChessBase"]
[SourceDate "2018.10.10"]
[SourceVersion "1"]
[SourceVersionDate "2018.10.10"]
[SourceQuality "1"]

1. e4 c5 2. Nf3 Nc6 3. Nc3 Nf6 4. d4 cxd4 5. Nxd4 e6 6. Be2 Bb4 7. 0-0 0-0 8. Bg5 h6 9. Bh4 g5 10. Bg3 Bxc3 11. bxc3 Nxe4 12. Bd3 Nxg3 13. hxg3 Nxd4 14. cxd4 f5 15. g4 fxg4 16. Qxg4 Rf4 17. Qh5 Qf6 18. c3 Kg7 19. Rae1 b6 20. g3 Qf7 21. Qh1 Rb8 22. gxf4 gxf4 23. Qe4 Bb7 24. Qe5+ Qf6 25. Qxf6+ Kxf6 26. f3 Rg8+ 27. Kf2 Rg3 28. Be4 1-0

[Event "Mazowieckie-chT 0405"]
[Site "Poland"]
[Date "2004.10.17"]
[Round "2"]
[White "Bartosik, Olimpia"]
[Black "Kowalska, Elzbieta"]
[Result "1-0"]
[WhiteElo "2069"]
[BlackElo "2020"]
[PlyCount "59"]
[EventDate "2004.10.03"]
[EventType "team-tourn"]
[EventRounds "10"]
[EventCountry "POL"]
[SourceTitle "EXT 2019"]
[Source "ChessBase"]
[SourceDate "2018.10.10"]
[SourceVersion "1"]
[SourceVersionDate "2018.10.10"]
[SourceQuality "1"]

1. e4 c5 2. c3 Nc6 3. d4 cxd4 4. cxd4 e6 5. d5 Ne5 6. Nc3 Bb4 7. Nge2 exd5 8. Qd4 Qe7 9. Bf4 f6 10. 0-0-0 Bc5 11. Qa4 a6 12. Nxd5 Qd6 13. Nec3 Rb8 14. Qc2 Ne7 15. Bg3 0-0 16. Nxe7+ Qxe7 17. Nd5 Qd8 18. Qxc5 d6 19. Qa3 Bg4 20. f3 Rc8+ 21. Kb1 Be6 22. Bxe5 fxe5 23. Bd3 Rc5 24. Rc1 Ra5 25. Qb4 Bxd5 26. exd5 b5 27. Rc6 Ra4 28. Qxd6 Qa5 29. Qe6+ Kh8 30. Rc8 1-0

[Event "EU-ch U20 Girls 13th"]
[Site "Tapolca"]
[Date "1996.??.??"]
[Round "1"]
[White "Bartosik, Olimpia"]
[Black "Yordanova, Svetla"]
[Result "1-0"]
[WhiteElo "2225"]
[BlackElo "2045"]
[PlyCount "91"]
[EventDate "1996.10.??"]
[EventType "swiss"]
[EventRounds "11"]
[EventCountry "HUN"]
[SourceTitle "Juniors"]
[Source "ChessBase"]
[SourceDate "1999.07.01"]
[SourceVersion "1"]
[SourceVersionDate "1999.07.01"]
[SourceQuality "1"]

1. e4 Nf6 2. Nc3 d5 3. e5 d4 4. Nce2 Ne4 5. c3 Nc6 6. Nxd4 Nxd4 7. Qa4+ c6 8. Qxd4 Qxd4 9. cxd4 Ng5 10. Bc4 Ne6 11. d5 Nd4 12. Kd1 Bf5 13. Ne2 Nc2 14. Ng3 Bg6 15. f4 Nxa1 16. f5 a5 17. dxc6 Bxf5 18. Nxf5 bxc6 19. e6 g6 20. Nd4 f5 21. Nxc6 Bg7 22. d4 Rc8 23. d5 a4 24. Bb5 Ra8 25. Ne5+ Kd8 26. Bf4 a3 27. Nc6+ Ke8 28. bxa3 Rxa3 29. Bc1 Ra8 30. a4 Nb3 31. Ba3 Bf6 32. Nd4+ Kf8 33. Nxb3 Kg7 34. Bc5 Rhd8 35. d6 exd6 36. Bb6 Rdb8 37. Be3 d5 38. Kd2 Rc8 39. Bd4 Bxd4 40. Nxd4 Kf6 41. Re1 Rc7 42. Nc6 g5 43. Nb4 Rd8 44. e7 Rxe7 45. Rxe7 Kxe7 46. Nc6+ 1-0

[Event "EU-ch U20 Girls 13th"]
[Site "Tapolca"]
[Date "1996.??.??"]
[Round "6"]
[White "Benderac, Ana"]
[Black "Bartosik, Olimpia"]
[Result "1/2-1/2"]
[WhiteElo "2115"]
[BlackElo "2225"]
[PlyCount "90"]
[EventDate "1996.10.??"]
[EventType "swiss"]
[EventRounds "11"]
[EventCountry "HUN"]
[SourceTitle "Juniors"]
[Source "ChessBase"]
[SourceDate "1999.07.01"]
[SourceVersion "1"]
[SourceVersionDate "1999.07.01"]
[SourceQuality "1"]

1. d4 d5 2. Nf3 Nf6 3. Bf4 Bf5 4. e3 e6 5. Bd3 Bg6 6. 0-0 Be7 7. Nc3 Nh5 8. Ne2 Nd7 9. Ne5 Nxe5 10. dxe5 c6 11. g4 Nxf4 12. exf4 Qc7 13. Nd4 Bxd3 14. Qxd3 c5 15. Nb5 Qc6 16. c4 dxc4 17. Qxc4 a6 18. Nc3 0-0-0 19. Qe4 Qxe4 20. Nxe4 Rd4 21. f3 f5 22. exf6 gxf6 23. Rac1 b6 24. Rfe1 f5 25. Ng3 fxg4 26. Rxe6 Bd8 27. Re4 Rd2 28. fxg4 Rxb2 29. a4 Rg8 30. g5 Bc7 31. Ne2 Rd8 32. f5 Rdd2 33. Re1 c4 34. f6 b5 35. f7 Bd6 36. axb5 axb5 37. Re8+ Kd7 38. Kf1 c3 39. f8Q Bxf8 40. Rxf8 Rxe2 41. Rxe2 c2 42. Rf7+ Kd6 43. Rxc2 Rxc2 44. Rxh7 b4 45. g6 Ke6 1/2-1/2

[Event "EU-ch U20 Girls 13th"]
[Site "Tapolca"]
[Date "1996.??.??"]
[Round "4"]
[White "Lendvai, Edit"]
[Black "Bartosik, Olimpia"]
[Result "0-1"]
[WhiteElo "2080"]
[BlackElo "2225"]
[PlyCount "85"]
[EventDate "1996.10.??"]
[EventType "swiss"]
[EventRounds "11"]
[EventCountry "HUN"]
[SourceTitle "Juniors"]
[Source "ChessBase"]
[SourceDate "1999.07.01"]
[SourceVersion "1"]
[SourceVersionDate "1999.07.01"]
[SourceQuality "1"]

1. e4 c5 2. Nf3 Nc6 3. d4 cxd4 4. Nxd4 Nf6 5. Nc3 d6 6. Be2 e5 7. Nf3 h6 8. Bc4 a6 9. a4 Be7 10. 0-0 Qc7 11. h3 0-0 12. b3 Be6 13. Nd5 Bxd5 14. exd5 Na5 15. Be2 Ne4 16. Bb2 Nc3 17. Qd3 Nxe2+ 18. Qxe2 Rac8 19. Rac1 f5 20. Nd2 Qc5 21. Rfd1 Bg5 22. g3 b5 23. h4 Bd8 24. axb5 axb5 25. c3 Nb7 26. c4 b4 27. Ra1 Bb6 28. Ra4 Rce8 29. Nf3 f4 30. g4 Qc8 31. Rxb4 Bc5 32. Rb5 Qxg4+ 33. Kh2 Rf7 34. Rg1 Qh5 35. b4 Ba7 36. Ra1 Nd8 37. c5 e4 38. Rba5 Bb8 39. Ra8 Rfe7 40. Rxb8 exf3 41. Qxe7 Rxe7 42. Rxd8+ Kh7 43. Kh3 0-1

[Event "POL-ch (Women)"]
[Site "Warsaw"]
[Date "1995.??.??"]
[Round "7"]
[White "Bartosik, Olimpia"]
[Black "Brustman, Agnieszka"]
[Result "0-1"]
[WhiteElo "2145"]
[BlackElo "2290"]
[PlyCount "110"]
[EventDate "1995.??.??"]
[EventType "tourn"]
[EventRounds "13"]
[EventCountry "POL"]
[SourceTitle "EXT 1999"]
[Source "ChessBase"]
[SourceDate "1998.11.16"]
[SourceVersion "1"]
[SourceVersionDate "1998.11.16"]
[SourceQuality "1"]

1. e4 c5 2. c3 d5 3. exd5 Qxd5 4. Nf3 Nf6 5. d4 Bg4 6. Be2 e6 7. 0-0 Nc6 8. Na3 a6 9. h3 Bh5 10. Nc2 cxd4 11. Ncxd4 Nxd4 12. Nxd4 Bxe2 13. Qxe2 Be7 14. Be3 0-0 15. Rfd1 Qe4 16. Nf3 Rfd8 17. Kf1 Nd5 18. Bd4 Qxe2+ 19. Kxe2 Rac8 20. g3 f6 21. Nd2 Rd7 22. Nf1 e5 23. Be3 Rdd8 24. Rd2 Kf7 25. Rc1 b5 26. Rdc2 f5 27. Bd2 Nb6 28. Rd1 Ke6 29. b3 Rd7 30. Be3 Rxd1 31. Kxd1 Nd5 32. Bd2 Bc5 33. Be1 Nb6 34. Ke2 g5 35. Bd2 f4 36. Be1 e4 37. Bd2 Kf5 38. Be1 Ke5 39. Nd2 Nd5 40. c4 Nb4 41. Rc1 Nxa2 42. Ra1 Nb4 43. cxb5 axb5 44. f3 Nc2 45. Rc1 Nxe1 46. Nxe4 fxg3 47. Nxc5 g2 48. Kf2 Kf5 49. b4 Re8 50. Rc3 Re2+ 51. Kg1 Kf4 52. Nd3+ Kg3 53. Nc1 Rc2 54. f4+ Nf3+ 55. Rxf3+ Kxf3 0-1

[Event "POL-ch (Women)"]
[Site "Warsaw"]
[Date "1995.??.??"]
[Round "13"]
[White "Bartosik, Olimpia"]
[Black "Leszner, Liliana"]
[Result "1/2-1/2"]
[WhiteElo "2145"]
[BlackElo "2205"]
[PlyCount "91"]
[EventDate "1995.??.??"]
[EventType "tourn"]
[EventRounds "13"]
[EventCountry "POL"]
[SourceTitle "EXT 1999"]
[Source "ChessBase"]
[SourceDate "1998.11.16"]
[SourceVersion "1"]
[SourceVersionDate "1998.11.16"]
[SourceQuality "1"]

1. e4 b6 2. d4 Bb7 3. Nc3 e6 4. Bd3 Nf6 5. Nge2 Be7 6. a3 c5 7. 0-0 c4 8. Bxc4 Nxe4 9. Nxe4 Bxe4 10. Ng3 Bg6 11. d5 0-0 12. f4 Qc7 13. Qe2 Bf6 14. Kh1 Rc8 15. Bd3 Bxd3 16. cxd3 exd5 17. Nh5 Bd4 18. Qg4 Nc6 19. Be3 f5 20. Qg3 g6 21. Bxd4 Nxd4 22. Nf6+ Kg7 23. Nxd5 Qd6 24. Nc3 Re8 25. Rae1 a6 26. Re5 Rxe5 27. fxe5 Qc5 28. h3 Re8 29. Re1 Re6 30. Qf4 d6 31. Na4 Qd5 32. Nc3 dxe5 33. Nxd5 exf4 34. Rxe6 Nxe6 35. Nxb6 Kf6 36. Nd7+ Ke7 37. Nb8 Nc7 38. Nc6+ Kd6 39. Nb4 Kc5 40. Nc2 g5 41. Kg1 a5 42. b4+ axb4 43. axb4+ Kb5 44. Nd4+ Kxb4 45. Nxf5 Kc3 46. Kf2 1/2-1/2

[Event "Wichern op 3rd"]
[Site "Hamburg"]
[Date "1995.??.??"]
[Round "4"]
[White "Bartosik, Olimpia"]
[Black "Sievers, Stefan"]
[Result "0-1"]
[WhiteElo "2110"]
[BlackElo "2375"]
[PlyCount "58"]
[EventDate "1995.09.??"]
[EventType "swiss"]
[EventRounds "9"]
[EventCountry "GER"]
[SourceTitle "EXT 1997"]
[Source "ChessBase"]
[SourceDate "1996.11.15"]
[SourceVersion "1"]
[SourceVersionDate "1996.11.15"]
[SourceQuality "1"]

1. e4 c5 2. c3 Nf6 3. e5 Nd5 4. d4 cxd4 5. Nf3 e6 6. cxd4 Qc7 7. Bd3 b6 8. 0-0 Ba6 9. Bxa6 Nxa6 10. Qa4 Nab4 11. Na3 Be7 12. Bd2 0-0 13. Nb5 Qb7 14. Nc3 Rac8 15. a3 Nxc3 16. bxc3 Nc6 17. c4 d6 18. Bf4 dxe5 19. dxe5 Na5 20. Nd2 Qc6 21. Qd1 Rfd8 22. Qg4 Nxc4 23. Bh6 Bf8 24. Nf3 Rd3 25. h4 Rxf3 26. gxf3 Nxe5 27. Qg2 Nxf3+ 28. Kh1 Qe4 29. Bg5 Rc4 0-1

[Event "POL-ch (Women)"]
[Site "Warsaw"]
[Date "1995.??.??"]
[Round "12"]
[White "Gazik, Renata"]
[Black "Bartosik, Olimpia"]
[Result "0-1"]
[WhiteElo "2160"]
[BlackElo "2145"]
[PlyCount "103"]
[EventDate "1995.??.??"]
[EventType "tourn"]
[EventRounds "13"]
[EventCountry "POL"]
[SourceTitle "EXT 1999"]
[Source "ChessBase"]
[SourceDate "1998.11.16"]
[SourceVersion "1"]
[SourceVersionDate "1998.11.16"]
[SourceQuality "1"]

1. d4 d5 2. Nf3 Nf6 3. Bg5 e6 4. e3 Be7 5. c4 c6 6. Nc3 Nbd7 7. cxd5 exd5 8. Bd3 Ne4 9. Bf4 f5 10. Ne5 Bf6 11. Nxd7 Qxd7 12. Na4 0-0 13. 0-0 Qe7 14. Qc2 g5 15. Bxe4 dxe4 16. Bg3 Be6 17. Qc5 Qg7 18. Be5 Bd5 19. Bxf6 Rxf6 20. Nc3 b6 21. Qb4 Be6 22. a4 Qc7 23. a5 Rh6 24. g3 Rf8 25. axb6 axb6 26. Ra6 Qf7 27. f4 Bc4 28. Ra7 Qxa7 29. Qxc4+ Qf7 30. d5 gxf4 31. Rxf4 Rd8 32. Qf1 cxd5 33. Rxf5 Qe6 34. Qf4 Rg6 35. Nxd5 Qe8 36. Re5 Qd7 37. Ne7+ Kg7 38. Nxg6 hxg6 39. Qxe4 Qd1+ 40. Kg2 Qd2+ 41. Kh3 Rh8+ 42. Qh4 Rxh4+ 43. Kxh4 Qxh2+ 44. Kg4 Qxb2 45. Rd5 Qe2+ 46. Kf4 Qf2+ 47. Ke4 Qxg3 48. Kd4 Qc7 49. e4 Kf6 50. e5+ Ke6 51. Rd6+ Qxd6+ 52. exd6 0-1

[Event "EU-ch U18 Girls"]
[Site "Chania"]
[Date "1994.??.??"]
[Round "5"]
[White "Bartosik, Olimpia"]
[Black "Grabics, Monika"]
[Result "1/2-1/2"]
[WhiteElo "2115"]
[BlackElo "2325"]
[PlyCount "54"]
[EventDate "1994.??.??"]
[EventType "swiss"]
[EventRounds "9"]
[EventCountry "GRE"]
[SourceTitle "EXT 1997"]
[Source "ChessBase"]
[SourceDate "1996.11.15"]
[SourceVersion "1"]
[SourceVersionDate "1996.11.15"]
[SourceQuality "1"]

1. d4 Nf6 2. Nf3 g6 3. Bf4 Bg7 4. e3 d6 5. h3 0-0 6. Be2 c5 7. c3 cxd4 8. exd4 Be6 9. Nbd2 Qb6 10. Qc1 Nc6 11. Nc4 Qc7 12. Ne3 Nd5 13. Ng4 Nxf4 14. Qxf4 Qb6 15. Qd2 Rac8 16. Ne3 d5 17. h4 Qc7 18. Bd3 Qf4 19. Qe2 Rfd8 20. h5 Bg4 21. hxg6 hxg6 22. Nxg4 Qxg4 23. Rh4 Qd7 24. Kd2 e5 25. Nxe5 Nxe5 26. dxe5 Qe7 27. Rah1 Qxe5 1/2-1/2

[Event "POL-ch U20 Girls"]
[Site "Zagan"]
[Date "1994.??.??"]
[Round "4"]
[White "Bartosik, Olimpia"]
[Black "Rusak, Dorota"]
[Result "0-1"]
[WhiteElo "2130"]
[BlackElo "2115"]
[PlyCount "90"]
[EventDate "1994.??.??"]
[EventType "tourn"]
[EventRounds "13"]
[EventCountry "POL"]
[SourceTitle "TD"]
[Source "ChessBase"]
[SourceDate "1994.03.01"]
[SourceVersion "1"]
[SourceVersionDate "1994.03.01"]
[SourceQuality "1"]

1. d4 d6 2. Nf3 Bg4 3. Nbd2 Nd7 4. b3 e5 5. Bb2 Qe7 6. h3 Bh5 7. e3 e4 8. g4 Bg6 9. Nh2 d5 10. Bg2 h5 11. Qe2 Qe6 12. 0-0-0 Bd6 13. Ndf1 0-0-0 14. c4 c6 15. Kb1 Kb8 16. Rc1 hxg4 17. hxg4 Ngf6 18. Ka1 Rh4 19. g5 Rdh8 20. gxf6 Nxf6 21. cxd5 Nxd5 22. a3 Bxh2 23. Nd2 Bc7 24. b4 Rxh1 25. Bxh1 f5 26. b5 cxb5 27. Qxb5 Be8 28. Qc4 Rh2 29. Qf1 Nxe3 30. fxe3 Rxd2 31. Qc4 Qxc4 32. Rxc4 Rd1+ 33. Rc1 Rxc1+ 34. Bxc1 g5 35. Bd2 Bc6 36. Bg2 f4 37. Bh3 fxe3 38. Bxe3 Bf4 39. Bf2 e3 40. Be1 Bf3 41. Kb2 g4 42. Bxg4 Bxg4 43. Kc3 Kc7 44. Kc4 Bh2 45. Kd3 Bg1 0-1

[Event "Karvina op"]
[Site "Karvina"]
[Date "1994.??.??"]
[Round "?"]
[White "Bielczyk, Jacek"]
[Black "Bartosik, Olimpia"]
[Result "1-0"]
[WhiteElo "2380"]
[BlackElo "2130"]
[PlyCount "66"]
[EventDate "1994.??.??"]
[EventType "swiss"]
[EventRounds "9"]
[EventCountry "CZE"]
[SourceTitle "EXT 2004"]
[Source "ChessBase"]
[SourceDate "2003.11.25"]
[SourceVersion "1"]
[SourceVersionDate "2003.11.25"]
[SourceQuality "1"]

1. e4 c5 2. Nf3 e6 3. Nc3 Nc6 4. d4 cxd4 5. Nxd4 Nf6 6. g3 a6 7. Bg2 e5 8. Nde2 Bc5 9. h3 b5 10. Nd5 Bb7 11. Bg5 Nb4 12. Nxf6+ gxf6 13. Bh4 Be7 14. 0-0 a5 15. Nc3 Bc6 16. Kh2 Qb6 17. f4 Qc5 18. a3 Na6 19. Nd5 Bxd5 20. exd5 d6 21. Qg4 Qc7 22. Qf5 Qc8 23. Qh5 Rf8 24. Qxh7 Qd7 25. Bf3 exf4 26. gxf4 Kd8 27. Bg4 Qb7 28. Rae1 Nc5 29. Rxe7 Qxe7 30. Re1 Qxe1 31. Bxe1 Kc7 32. Bf2 b4 33. Qf5 Rad8 1-0

[Event "Zabrzanski Wrzesien op"]
[Site "Zabrzanski Wrzesien"]
[Date "1994.??.??"]
[Round "?"]
[White "Dubiel, Jacek"]
[Black "Bartosik, Olimpia"]
[Result "1-0"]
[WhiteElo "2400"]
[BlackElo "2115"]
[PlyCount "111"]
[EventDate "1994.??.??"]
[EventType "swiss"]
[EventRounds "9"]
[EventCountry "POL"]
[SourceTitle "EXT 1999"]
[Source "ChessBase"]
[SourceDate "1998.11.16"]
[SourceVersion "1"]
[SourceVersionDate "1998.11.16"]
[SourceQuality "1"]

1. e4 c5 2. Nf3 Nc6 3. Nc3 e6 4. d4 cxd4 5. Nxd4 Nf6 6. Be2 a6 7. 0-0 d6 8. Be3 Bd7 9. f4 Be7 10. Qe1 Rc8 11. Qg3 0-0 12. Kh1 b5 13. e5 Ne8 14. Bd3 g6 15. Rad1 Ng7 16. exd6 Bxd6 17. Ne4 Be7 18. Qf2 Nb4 19. Nb3 Nd5 20. Bc1 Qc7 21. Ng3 a5 22. Be4 a4 23. Nd4 Nf6 24. Bf3 Bc5 25. Be3 Nge8 26. Qe2 Nd6 27. c3 Nc4 28. Bg1 Rfd8 29. Ne4 Nxe4 30. Bxe4 Nd6 31. Bd3 Qb7 32. Bf2 Re8 33. Rd2 f6 34. Nf3 Nf7 35. Bxc5 Rxc5 36. Be4 Qc7 37. Rfd1 Bc8 38. Nd4 Qxf4 39. Bc6 Re7 40. Bxb5 Rh5 41. Nf3 Bb7 42. Rd4 Qc7 43. Bxa4 Qa5 44. Bb3 Ne5 45. Nxe5 Rxe5 46. Qc4 Rg5 47. Rg4 Rc5 48. Qd3 Bd5 49. c4 f5 50. Rd4 Be4 51. Rd8+ Kf7 52. Qe3 Re5 53. Qh6 Bxg2+ 54. Kxg2 Re2+ 55. Kf3 Qe5 56. Qf8# 1-0

[Event "POL-ch U20 Girls"]
[Site "Zagan"]
[Date "1994.??.??"]
[Round "9"]
[White "Socko, Monika"]
[Black "Bartosik, Olimpia"]
[Result "1-0"]
[WhiteElo "2165"]
[BlackElo "2130"]
[PlyCount "53"]
[EventDate "1994.??.??"]
[EventType "tourn"]
[EventRounds "13"]
[EventCountry "POL"]
[SourceTitle "TD"]
[Source "ChessBase"]
[SourceDate "1994.03.01"]
[SourceVersion "1"]
[SourceVersionDate "1994.03.01"]
[SourceQuality "1"]

1. c4 e5 2. Nc3 d6 3. g3 Be6 4. d3 f5 5. Bg2 c6 6. Nf3 Nf6 7. 0-0 Be7 8. Rb1 Nbd7 9. Ng5 Bg8 10. e4 h6 11. Nh3 g5 12. f4 exf4 13. exf5 Bf7 14. gxf4 g4 15. Nf2 h5 16. Nfe4 h4 17. Re1 Kf8 18. Be3 Qa5 19. Ng5 Qxf5 20. Ne2 Qg6 21. b4 d5 22. f5 Qg8 23. Nf4 Nh7 24. Nxf7 Qxf7 25. Ng6+ Ke8 26. Bd4 Qxf5 27. Nxe7 1-0

[Event "Karvina op"]
[Site "Karvina"]
[Date "1994.??.??"]
[Round "?"]
[White "Winter, Karlheinz"]
[Black "Bartosik, Olimpia"]
[Result "0-1"]
[WhiteElo "2147"]
[BlackElo "2130"]
[PlyCount "60"]
[EventDate "1994.??.??"]
[EventType "swiss"]
[EventRounds "9"]
[EventCountry "CZE"]
[SourceTitle "EXT 2004"]
[Source "ChessBase"]
[SourceDate "2003.11.25"]
[SourceVersion "1"]
[SourceVersionDate "2003.11.25"]
[SourceQuality "1"]

1. c4 c6 2. b3 d5 3. Nf3 Nf6 4. Bb2 g6 5. g3 Bg7 6. Bg2 0-0 7. 0-0 Nbd7 8. d3 Re8 9. Ne5 Ng4 10. Nxg4 Bxb2 11. Nd2 Bxa1 12. Qxa1 f6 13. e4 h5 14. Ne3 dxc4 15. bxc4 Rb8 16. Qc3 e5 17. Qa3 a5 18. g4 hxg4 19. Nxg4 Nf8 20. Ne3 Ne6 21. Nf3 b6 22. Qb2 Nf4 23. d4 exd4 24. Rd1 c5 25. Nd5 Nxg2 26. Qd2 Kg7 27. Kxg2 Rxe4 28. h3 Bxh3+ 29. Kxh3 Qd7+ 30. Kh2 Rh8+ 0-1

[Event "Wch U18 Girls"]
[Site "Bratislava"]
[Date "1993.??.??"]
[Round "6"]
[White "Bartosik, Olimpia"]
[Black "Edzgveradze, Natalia"]
[Result "0-1"]
[WhiteElo "2030"]
[BlackElo "2125"]
[PlyCount "68"]
[EventDate "1993.07.18"]
[EventType "swiss"]
[EventRounds "11"]
[EventCountry "SVK"]
[SourceTitle "TD"]
[Source "ChessBase"]
[SourceDate "1994.03.01"]
[SourceVersion "1"]
[SourceVersionDate "1994.03.01"]
[SourceQuality "1"]

1. d4 d5 2. e3 Nf6 3. c4 c6 4. Nc3 e6 5. cxd5 exd5 6. a3 Bd6 7. Bd3 0-0 8. Qc2 Re8 9. h3 Qe7 10. Nf3 Nbd7 11. b4 b5 12. Nd2 a5 13. bxa5 Rxa5 14. Nb3 Ra7 15. a4 b4 16. Ne2 Ba6 17. 0-0 Bxd3 18. Qxd3 Nb6 19. Qc2 Rc8 20. a5 Nc4 21. Bd2 Ne4 22. Ra2 Qc7 23. Rfa1 Nexd2 24. Nxd2 Na3 25. Qd3 Qxa5 26. e4 dxe4 27. Qxe4 Qd5 28. Qxd5 cxd5 29. Nc1 Rac7 30. Ncb3 Rc3 31. g3 h5 32. Kg2 Rd3 33. Rb2 Nc4 34. Rc1 Rc3 0-1

[Event "Wch U18 Girls"]
[Site "Bratislava"]
[Date "1993.??.??"]
[Round "10"]
[White "Bartosik, Olimpia"]
[Black "Kiefhaber, Veronika"]
[Result "1/2-1/2"]
[WhiteElo "2030"]
[BlackElo "2175"]
[PlyCount "68"]
[EventDate "1993.07.18"]
[EventType "swiss"]
[EventRounds "11"]
[EventCountry "SVK"]
[SourceTitle "TD"]
[Source "ChessBase"]
[SourceDate "1994.03.01"]
[SourceVersion "1"]
[SourceVersionDate "1994.03.01"]
[SourceQuality "1"]

1. d4 d6 2. Nf3 g6 3. Bg5 Bg7 4. c3 Nf6 5. h3 0-0 6. Nbd2 Nbd7 7. e3 e5 8. Be2 h6 9. Bh4 Qe8 10. Qc2 Nh7 11. g4 d5 12. dxe5 Nxe5 13. Nxe5 Bxe5 14. f4 Bg7 15. Bf2 f5 16. 0-0-0 Nf6 17. Rhg1 Ne4 18. Nxe4 dxe4 19. Bc4+ Be6 20. Qb3 Bxc4 21. Qxc4+ Qf7 22. Qxf7+ Rxf7 23. gxf5 gxf5 24. Rd2 Kh7 25. h4 Bf8 26. h5 Bd6 27. Rdd1 Rg8 28. Rxg8 Kxg8 29. Rg1+ Rg7 30. Rxg7+ Kxg7 31. Bh4 Kf7 32. Kd2 Ke6 33. Bd8 c6 34. b3 a6 1/2-1/2

[Event "Warsaw op"]
[Site "Warsaw"]
[Date "1993.??.??"]
[Round "6"]
[White "Bartosik, Olimpia"]
[Black "Lada, Marek"]
[Result "1-0"]
[WhiteElo "2030"]
[BlackElo "2255"]
[PlyCount "87"]
[EventDate "1993.??.??"]
[EventType "swiss"]
[EventRounds "9"]
[EventCountry "POL"]
[SourceTitle "TD"]
[Source "ChessBase"]
[SourceDate "1994.03.01"]
[SourceVersion "1"]
[SourceVersionDate "1994.03.01"]
[SourceQuality "1"]

1. d4 e6 2. c4 f5 3. Nc3 Nf6 4. g3 d5 5. Bg2 c6 6. e3 Bd6 7. cxd5 cxd5 8. Bd2 Nc6 9. f4 0-0 10. Nf3 Bd7 11. 0-0 Ne4 12. Be1 Qb6 13. Rb1 a5 14. h3 Ne7 15. g4 Bb5 16. Nxb5 Qxb5 17. Nd2 Rac8 18. Bf3 b6 19. Be2 Qc6 20. Bd3 a4 21. Qe2 a3 22. Bb5 Qc7 23. Nxe4 dxe4 24. Bd2 axb2 25. Rxb2 Ba3 26. Rb3 Qd6 27. Rfb1 Nd5 28. Bc4 Rc6 29. Bxd5 exd5 30. Qa6 Rc2 31. Rxb6 Qe7 32. Be1 Bc1 33. R1b3 fxg4 34. hxg4 Qd7 35. f5 Qc7 36. Rd6 Qc4 37. Bf2 h5 38. Rb7 Qxa6 39. Rxa6 Rf7 40. Ra8+ Rf8 41. Raa7 Rfc8 42. Rxg7+ Kf8 43. Rh7 Kg8 44. f6 1-0

[Event "Warsaw op"]
[Site "Warsaw"]
[Date "1993.??.??"]
[Round "3"]
[White "Bartosik, Olimpia"]
[Black "Meczynski, Waldemar"]
[Result "1-0"]
[WhiteElo "2030"]
[BlackElo "2240"]
[PlyCount "61"]
[EventDate "1993.??.??"]
[EventType "swiss"]
[EventRounds "9"]
[EventCountry "POL"]
[SourceTitle "TD"]
[Source "ChessBase"]
[SourceDate "1994.03.01"]
[SourceVersion "1"]
[SourceVersionDate "1994.03.01"]
[SourceQuality "1"]

1. d4 d5 2. Nf3 e6 3. g3 c5 4. Bg2 Nc6 5. 0-0 Nf6 6. c3 Be7 7. Nbd2 b6 8. Qc2 Bb7 9. dxc5 bxc5 10. e4 0-0 11. Re1 Qc7 12. exd5 exd5 13. Nf1 Bd6 14. Nh4 Rfe8 15. Bd2 Ne4 16. Ne3 Ne5 17. Nxd5 Bxd5 18. Bxe4 Bxe4 19. Qxe4 c4 20. Bf4 f6 21. Nf5 Rad8 22. Rad1 Kh8 23. Nxd6 Rxd6 24. Rxd6 Qxd6 25. Bxe5 fxe5 26. Qxc4 Qf6 27. Qd5 Rf8 28. Re2 Rd8 29. Qxe5 Rd1+ 30. Kg2 Qc6+ 31. Qe4 1-0

[Event "Warsaw op"]
[Site "Warsaw"]
[Date "1993.??.??"]
[Round "7"]
[White "Kostyra, Stanislaw"]
[Black "Bartosik, Olimpia"]
[Result "1-0"]
[WhiteElo "2375"]
[BlackElo "2030"]
[PlyCount "75"]
[EventDate "1993.??.??"]
[EventType "swiss"]
[EventRounds "9"]
[EventCountry "POL"]
[SourceTitle "TD"]
[Source "ChessBase"]
[SourceDate "1994.03.01"]
[SourceVersion "1"]
[SourceVersionDate "1994.03.01"]
[SourceQuality "1"]

1. d4 d6 2. e4 Nf6 3. Bd3 e5 4. c3 d5 5. dxe5 Nxe4 6. Nf3 Nc5 7. Bc2 Bg4 8. 0-0 Be7 9. h3 Bh5 10. Nbd2 Nbd7 11. Re1 Ne6 12. Nb3 c6 13. Nbd4 Nxd4 14. cxd4 Nf8 15. Bf5 g6 16. Bc2 g5 17. Bf5 Ne6 18. g4 Bg6 19. Qd3 Kf8 20. Be3 Kg7 21. Kg2 b6 22. Rad1 Qc7 23. Qd2 h6 24. Rh1 Rag8 25. h4 gxh4 26. Nxh4 Ng5 27. f3 Kf8 28. Rc1 Bxf5 29. Nxf5 Rg6 30. Rh5 Qd7 31. Rch1 Rgg8 32. Rxh6 Rxh6 33. Rxh6 Qxf5 34. gxf5 Ne4+ 35. Kf1 Nxd2+ 36. Bxd2 c5 37. Rc6 cxd4 38. Rc8+ 1-0

[Event "Wch U18 Girls"]
[Site "Bratislava"]
[Date "1993.??.??"]
[Round "7"]
[White "Skripchenko, Almira"]
[Black "Bartosik, Olimpia"]
[Result "1/2-1/2"]
[WhiteElo "2190"]
[BlackElo "2030"]
[PlyCount "58"]
[EventDate "1993.07.18"]
[EventType "swiss"]
[EventRounds "11"]
[EventCountry "SVK"]
[SourceTitle "TD"]
[Source "ChessBase"]
[SourceDate "1994.03.01"]
[SourceVersion "1"]
[SourceVersionDate "1994.03.01"]
[SourceQuality "1"]

1. e4 d6 2. d4 Nf6 3. Nc3 Nbd7 4. Nf3 e5 5. Bc4 Be7 6. 0-0 0-0 7. Re1 c6 8. a4 a5 9. h3 exd4 10. Nxd4 Nc5 11. Bf4 Ne8 12. Qd2 Ne6 13. Be3 Nxd4 14. Bxd4 Be6 15. Bf1 f5 16. exf5 Bxf5 17. Bd3 Bxd3 18. Qxd3 d5 19. Qe3 Rf7 20. Ne2 Nd6 21. Ng3 Bh4 22. Re2 Qd7 23. Rae1 Re8 24. Qd3 Rxe2 25. Rxe2 Bxg3 26. Qxg3 Nf5 27. Qd3 Nxd4 28. Qxd4 Re7 29. Rxe7 Qxe7 1/2-1/2

[Event "Wch U16 Girls"]
[Site "Duisburg"]
[Date "1992.??.??"]
[Round "11"]
[White "Bartosik, Olimpia"]
[Black "Gaponenko, Inna"]
[Result "1/2-1/2"]
[WhiteElo "2045"]
[BlackElo "2270"]
[PlyCount "85"]
[EventDate "1992.??.??"]
[EventType "swiss"]
[EventRounds "11"]
[EventCountry "GER"]
[SourceTitle "TD"]
[Source "ChessBase"]
[SourceDate "1994.03.01"]
[SourceVersion "1"]
[SourceVersionDate "1994.03.01"]
[SourceQuality "1"]

1. d4 d5 2. c4 e6 3. Nc3 c6 4. Nf3 dxc4 5. a4 Bb4 6. Bd2 a5 7. e3 b5 8. axb5 Bxc3 9. Bxc3 cxb5 10. b3 Bb7 11. bxc4 b4 12. Bd2 Nf6 13. Bd3 Nbd7 14. 0-0 Qc7 15. Qb3 0-0 16. Rfb1 e5 17. Bf1 Rfb8 18. Rb2 Ne4 19. Be1 Bc6 20. Qc2 Nef6 21. h3 Re8 22. Bd2 Bb7 23. Rc1 Rec8 24. Ra1 Bc6 25. Be1 Re8 26. Bd2 Bb7 27. Rc1 Rec8 28. Ra1 Ne4 29. Be1 g6 30. Qd1 exd4 31. exd4 Nd6 32. Rc1 Nf5 33. Be2 Nf6 34. Bd2 Ne4 35. Be1 Rd8 36. d5 Nc5 37. g4 Nd6 38. Nd4 Re8 39. f3 Qe7 40. Bf2 Rac8 41. Bf1 Qc7 42. Qc2 Qd7 43. Ra1 1/2-1/2